Normal view
MARC view
- Marvah Mehmood Rana
Entry Personal Name
001 - CONTROL NUMBER
- control field: 104098
003 - CONTROL NUMBER IDENTIFIER
- control field: NUST
005 - DATE AND TIME OF LATEST TRANSACTION
- control field: 20221205113438.0
008 - FIXED-LENGTH DATA ELEMENTS
- fixed length control field: 221205|| aca||aabn | a|a d
040 ## - CATALOGING SOURCE
- Original cataloging agency: NUST
- Transcribing agency: NUST
100 ## - HEADING--PERSONAL NAME
- Personal name: Marvah Mehmood Rana
670 ## - SOURCE DATA FOUND
- Source citation: Work cat.: (NUST): Marvah Mehmood Rana., Probing the Mechanistic and Therapeutic Intervention for the Drug Induced Age Reverse Procedure /, 2022.
